A short course on operator semigroups / (Record no. 30039)

000 -LEADER
fixed length control field 00644 a2200193 4500
020 ## - INTERNATIONAL STANDARD BOOK NUMBER
International Standard Book Number 0387313419
020 ## - INTERNATIONAL STANDARD BOOK NUMBER
International Standard Book Number 9780387313412
082 04 - DEWEY DECIMAL CLASSIFICATION NUMBER
Classification number 515.353
090 ## - LOCALLY ASSIGNED LC-TYPE CALL NUMBER (OCLC); LOCAL CALL NUMBER (RLIN)
-- 1428
-- 1428
100 1# - MAIN ENTRY--PERSONAL NAME
Personal name Engel, Klaus-Jochen.
245 12 - TITLE STATEMENT
Title A short course on operator semigroups /
Statement of responsibility, etc. Klaus-Jochen Engel, Rainer Nagel.
260 ## - PUBLICATION, DISTRIBUTION, ETC.
Place of publication, distribution, etc. [S.l.] :
Name of publisher, distributor, etc. Springer,
Date of publication, distribution, etc. 2006.
300 ## - PHYSICAL DESCRIPTION
Extent 259 p. ;
Dimensions 24 cm.
490 1# - SERIES STATEMENT
Series statement Universitext.
700 1# - ADDED ENTRY--PERSONAL NAME
Personal name Nagel, Rainer.
830 #0 - SERIES ADDED ENTRY--UNIFORM TITLE
Uniform title Universitext.
942 ## - ADDED ENTRY ELEMENTS (KOHA)
Institution code [OBSOLETE] SNS
Koha item type Book
Call number prefix 515.353 ENG
Holdings
Withdrawn status Lost status Damaged status Not for loan Permanent Location Current Location Date acquired Total Checkouts Full call number Barcode Date last seen Date last checked out Price effective from Koha item type
        School of Natural Sciences (SNS) School of Natural Sciences (SNS) 05/26/2016 1 515.353 ENG SNS0000588 06/03/2016 06/03/2016 05/26/2016 Book
© 2023 Central Library, National University of Sciences and Technology. All Rights Reserved.